00757nam a22002057a 450000500170000001000150001702000260003203500140005803700090007208200150008110000270009624500440012325000060016726000540017327000990022730000200032694200260034699900190037295201600039120260612114625.0 aENG-148836 c350.00a9789392810602 aEN-132368 bDBAD a823.91421 aYechury, Sitaram97767 aThere By Hangs A Tale/cSitaram Yechury a1 aHyderabadbNava Telangana Publishing House c2025 aM.H. Bhavan, Plot No. 21/1, Azamabad, Near RTC Kalyana MantapambHyderabade500020k9490099378 a272p.c22cm(pb) 2ddccENmYECh823.914 c216624d216624 001040718NFICaDBADbDBADd2026-06-12eDelivery of Books Act Divisiong350.00l0oYEC 823.914pEN-132368r2026-06-12 11:46:46t1v350.00w2026-06-12yEN